000 00318nam a2200133Ia 4500
005 20251222140025.0
008 251222s1900||||xx |||||||||||||| ||spa||
020 _a8834314302
082 _a219.3/C28
100 _aCarrón Pérez, Julián
245 0 _aAllargare la Ragione
264 _bVita & Pensiero
942 _cLIB
999 _c2760
_d2760